Mineralogical study of the kaersutite in the volcanic nodule at Eifel, W. Germany

Some lapilli and bombs occurring in the ash ejecta around Eifel in Germany were investigated by the author and one such contained pitch-black shining crystal-aggregates, which on detailed study were found to contain kaersutite, having a chemical formula obtained by wet chemistiy as: (Si5.,Al2.3) (Al...

Teljes leírás

Elmentve itt :
Bibliográfiai részletek
Szerző: Mitra Sachinath
Dokumentumtípus: Cikk
Megjelent: University of Szeged, Department of Mineralogy, Geochemistry and Petrology Szeged 1979
Sorozat:Acta mineralogica-petrographica 24 No. 1
Kulcsszavak:Kőzettan, Ásványtan, Földtan
Tárgyszavak:
Online Access:http://acta.bibl.u-szeged.hu/24641
LEADER 01758nab a2200217 i 4500
001 acta24641
005 20220725121650.0
008 161017s1979 hu o 0|| eng d
022 |a 0365-8066 
040 |a SZTE Egyetemi Kiadványok Repozitórium  |b hun 
041 |a eng 
100 1 |a Mitra Sachinath 
245 1 0 |a Mineralogical study of the kaersutite in the volcanic nodule at Eifel, W. Germany  |h [elektronikus dokumentum] /  |c  Mitra Sachinath 
260 |a University of Szeged, Department of Mineralogy, Geochemistry and Petrology  |b Szeged  |c 1979 
300 |a 19-27 
490 0 |a Acta mineralogica-petrographica  |v 24 No. 1 
520 3 |a Some lapilli and bombs occurring in the ash ejecta around Eifel in Germany were investigated by the author and one such contained pitch-black shining crystal-aggregates, which on detailed study were found to contain kaersutite, having a chemical formula obtained by wet chemistiy as: (Si5.,Al2.3) (Al0.2Ti„.4Fe3 + 0.5Mn0.01 Mg3.2) (Ca2.0 Na0.6 K0.4 P0.01) (O, OH, F)32.Fe2+ and Fe3 + contents determined by MOSSBAUER were different from chemical data and are in the ratio of 73 : 27. High content of A1203 (3.87—10.84 wt. %) with Tschermak's component ranging from 5.9 to 18.4 mol. p.c. in clino-pyroxenes in the wehrlite and clinopyroxenite inclusions in the volcanics of Eifel region suggest the parent magmas to be alkali-basalt in composition. The chemistry of kaersutite suggests that the crystallization took place in hydrous condition in the lowest part of the crust. 
650 4 |a Természettudományok 
650 4 |a Föld- és kapcsolódó környezettudományok 
695 |a Kőzettan, Ásványtan, Földtan 
856 4 0 |u http://acta.bibl.u-szeged.hu/24641/1/mineralogica_024_fasc_001_019-027.pdf  |z Dokumentum-elérés